01444cam a22003614a 450000100090000000300040000900500170001300800410003001000170007102000230008802000180011104000210012904200080015005000220015808200140018010000360019424501070023026000480033730000330038550400640041865000490048265000290053165000220056065000190058265000260060185600830062785601060071085600910081690600450090794200120095299900170096495201010098113912014OSt20170105103507.0050325s2005 njua b 001 0 eng  a 2005008297 a0471644889 (cloth) a9780471644880 aASABcASABdASAB apcc00aHB501b.B235 200500a306.32221 aBaker, Raymond W.,d1935-9110910aCapitalism's Achilles heel :bdirty money and how to renew the free-market system /cRaymond W. Baker. aHoboken, N.J. :bJohn Wiley & Sons,cc2005. aix, 438 p. :bill. ;c24 cm. aIncludes bibliographical references (p. 383-423) and index. 0aCapitalismxMoral and ethical aspects.91110 0aCommercial crimes.91111 0aCorruption.91112 0aPoverty.91113 0aUtilitarianism.91114413Table of contents onlyuhttp://www.loc.gov/catdir/toc/ecip0510/2005008297.html423Contributor biographical informationuhttp://www.loc.gov/catdir/enhancements/fy0622/2005008297-b.html423Publisher descriptionuhttp://www.loc.gov/catdir/enhancements/fy0622/2005008297-d.html a7bcbccorignewd1eecipf20gy-gencatlg 2ddccBK c17321d17321 00102ddc40708NFICaASABbASABd2015-09-11l0o306.3 BAKpASAB849r2015-09-11w2015-09-11yBK